| 000 | 00781nam a2200181Ia 4500 | ||
|---|---|---|---|
| 008 | 151018s9999 xx 000 0 und d | ||
| 082 |
_bRBASDV8282 _a891.463 |
||
| 100 | _aश्री अ डांगे | ||
| 245 | _aभारत स्वातंत्र्यापूर्वी आणि नंतर | ||
| 250 | _b1 | ||
| 260 |
_bअभिनव प्रकाशन इंदोर मध्यप्रदेश _c1972 |
||
| 300 | _a73 | ||
| 600 | _aश्री अ डांगे | ||
| 630 | _aभारत स्वातंत्र्यापूर्वी आणि नंतर | ||
| 700 | _aश्री अ डांगे | ||
| 730 | _aभारत स्वातंत्र्यापूर्वी आणि नंतर | ||
| 942 | _cBOOK | ||
| 999 |
_c1010647 _d1010644 |
||